000 00724nam a2200229Ia 4500
003 GCL
008 140319s9999 xx 000 0 ara d
040 _aGCL /
_cGCL
082 0 4 _a811.9
_bا ع
100 1 _aابراهيم عيسى
245 1 0 _aعودى الى: شعر /
_cابراهيم عيسى
700 1 _aاحمد حمدى محمود
260 _a[S.N] :
_bالهيئة المصرية العامة للكتاب ،
_c1994
300 _a207 ص
490 _aسلسلة اشراقات ادبية
_v0
650 0 4 _aالشعر العربى
650 0 4 _aالادب العربى
650 0 4 _aالعصر الحديث
650 0 4 _aدواوين وقصائد
650 0 4 _aالمجموعات
942 _2ddc
_cBK
999 _c33369
_d33369